Human rights in a changing world : (Record no. 1600)

MARC details
000 -LEADER
fixed length control field 01383cam a2200373 i 4500
001 - CONTROL NUMBER
control field data
005 - DATE AND TIME OF LATEST TRANSACTION
control field 20260322212108.0
006 - FIXED-LENGTH DATA ELEMENTS--ADDITIONAL MATERIAL CHARACTERISTICS
fixed length control field data
007 - PHYSICAL DESCRIPTION FIXED FIELD--GENERAL INFORMATION
fixed length control field data
008 - FIXED-LENGTH DATA ELEMENTS--GENERAL INFORMATION
fixed length control field data
035 ## - SYSTEM CONTROL NUMBER
System control number 21589289
010 ## - LIBRARY OF CONGRESS CONTROL NUMBER
LC control number 2020685528
020 ## - INTERNATIONAL STANDARD BOOK NUMBER
International Standard Book Number 9781536138849
Qualifying information (ebook)
020 ## - INTERNATIONAL STANDARD BOOK NUMBER
Canceled/invalid ISBN 9781536138832
040 ## - CATALOGING SOURCE
Original cataloging agency DLC
Language of cataloging eng
Description conventions rda
Transcribing agency DLC
Modifying agency DLC
042 ## - AUTHENTICATION CODE
Authentication code pcc
050 10 - LIBRARY OF CONGRESS CALL NUMBER
Classification number JC571
245 00 - TITLE STATEMENT
Title Human rights in a changing world :
Remainder of title research and applied approaches/
Statement of responsibility, etc. Artemis Z. Giotsa, editor.
264 #1 - PRODUCTION, PUBLICATION, DISTRIBUTION, MANUFACTURE, AND COPYRIGHT NOTICE
Place of production, publication, distribution, manufacture New York :
Name of producer, publisher, distributor, manufacturer Nova Science Publishers,
Date of production, publication, distribution, manufacture, or copyright notice [2018]
300 ## - PHYSICAL DESCRIPTION
Extent 1 online resource :
Other physical details illustrations.
336 ## - CONTENT TYPE
Content type term still image
Content type code sti
Source rdacontent
337 ## - MEDIA TYPE
Media type term computer
Media type code c
Source rdamedia
338 ## - CARRIER TYPE
Carrier type term online resource
Carrier type code cr
Source rdacarrier
490 0# - SERIES STATEMENT
Series statement Human rights contemporary issues and perspectives
504 ## - BIBLIOGRAPHY, ETC. NOTE
Bibliography, etc. note Includes bibliographical references and index.
588 ## - SOURCE OF DESCRIPTION NOTE
Source of description note Description based on print version record; title from PDF title page, viewed (07/02/2020).
650 #0 - SUBJECT ADDED ENTRY--TOPICAL TERM
Topical term or geographic name entry element Human rights.
650 #7 - SUBJECT ADDED ENTRY--TOPICAL TERM
Topical term or geographic name entry element Human rights
776 08 - ADDITIONAL PHYSICAL FORM ENTRY
Relationship information Print version:
Title Human rights in a changing world
Place, publisher, and date of publication New York : NOVA Science Publishers, [2018]
International Standard Book Number 9781536138832
Record control number (DLC) 2018420475
906 ## - LOCAL DATA ELEMENT F, LDF (RLIN)
a 7
b cbc
c origcop
d 1
e ecip
f 20
g y-gencatlg
925 0# -
-- acquire
-- ecip ebook
-- policy default
955 ## - COPY-LEVEL INFORMATION (RLIN)
-- xk12 2020-07-02 (telework) book rec'd
985 ## -
-- LC online resource
-- 2020-06-25
Holdings
Withdrawn status Lost status Damaged status Not for loan Home library Current library Shelving location Date acquired Total checkouts Full call number Barcode Date last seen Price effective from Koha item type
        Liberty Liberty General stacks 22/03/2026   JC571 LOC-LPL-00063 22/03/2026 22/03/2026 Books